Grands classiques d'animations Disney - Statistiques

Statistiques générales
  • Ce quiz a été pris 217 fois
    16 depuis la dernière actualisation
  • Le résultat moyen est 127 sur 153
Statistiques - réponses
Année Réponse % Correct
037 1992 Aladdin
100%
044 1996 Aladdin et le Roi des voleurs
100%
015 1951 Alice au pays des merveilles
100%
061 2001 Atlantide, l'empire perdu
100%
005 1942 Bambi
100%
031 1986 Basil, détective privé
100%
035 1990 Bernard et Bianca au pays des kangourous
100%
001 1937 Blanche-Neige
100%
103 2011 Cars 2
100%
086 2006 Cars : Quatre roues
100%
014 1950 Cendrillon
100%
063 2002 Cendrillon 2 : Une vie de princesse
100%
082 2005 Chicken Little
100%
120 2017 Coco
100%
058 2000 Dinosaure
100%
004 1941 Dumbo
100%
129 2021 Encanto : La Fantastique Famille Madrigal
100%
003 1940 Fantasia
100%
054 1999 Fantasia 2000
100%
073 2003 Frère des ours
100%
045 1997 Hercule
100%
060 2000 Kuzco, l'empereur mégalo
100%
018 1959 La Belle au bois dormant
100%
036 1991 La Belle et la Bête
100%
047 1997 La Belle et la Bête 2 : Le Noël enchanté
100%
017 1955 La Belle et le Clochard
100%
008 1946 La Boîte à musique
100%
076 2004 La ferme se rebelle
100%
033 1989 La Petite Sirène
100%
056 2000 La Petite Sirène 2 : Retour à l'océan
100%
068 2002 La Planète au trésor : Un nouvel univers
100%
098 2009 La Princesse et la grenouille
100%
109 2013 La Reine des neiges
100%
124 2019 La Reine des neiges 2
100%
043 1996 Le Bossu de Notre-Dame
100%
022 1967 Le Livre de la jungle
100%
069 2003 Le Livre de la jungle 2
100%
039 1994 Le Retour de Jafar
100%
038 1994 Le Roi Lion
100%
049 1998 Le Roi lion 2 : L'Honneur de la tribu
100%
071 2004 Le Roi lion 3 : Hakuna Matata
100%
019 1961 Les 101 Dalmatiens
100%
023 1970 Les Aristochats
100%
026 1977 Les Aventures de Bernard et Bianca
100%
092 2008 Le Secret de la Petite Sirène
100%
106 2012 Les Mondes de Ralph
100%
007 1944 Les Trois Caballeros
100%
021 1964 Mary Poppins
100%
009 1946 Mélodie du Sud
100%
020 1963 Merlin l'Enchanteur
100%
107 2013 Monstres Academy
100%
064 2001 Monstres et Cie
100%
048 1998 Mulan
100%
032 1988 Oliver et compagnie
100%
016 1953 Peter Pan
100%
002 1940 Pinocchio
100%
041 1995 Pocahontas : Une légende indienne
100%
006 1942 Saludos Amigos
100%
030 1985 Taram et le Chaudron magique
100%
052 1999 Tarzan
100%
042 1995 Toy Story
100%
118 2016 Vaiana : La Légende du bout du monde
100%
116 2016 Zootopie
100%
138 2025 Zootopie 2
100%
051 1998 1 001 Pattes
83%
067 2002 101 Dalmatiens 2 : Sur la trace des héros
83%
084 2006 Bambi 2
83%
119 2017 Cars 3
83%
146 2029 Coco 2
83%
010 1947 Coquin de printemps
83%
040 1995 Dingo et Max
83%
087 2006 Frère des ours 2
83%
083 2005 Kuzco 2 : King Kronk
83%
034 1990 La Bande à Picsou, le film : Le trésor de la lampe perdue
83%
059 2001 La Belle et le Clochard 2 : L'appel de la rue
83%
097 2009 La-haut
83%
024 1971 L'Apprentie sorcière
83%
143 2027 La Reine des neiges 3
83%
062 2002 Le Bossu de Notre-Dame 2 : Le Secret de Quasimodo
83%
013 1949 Le Crapaud et le Maître d'école
83%
117 2016 Le Monde de Dory
83%
072 2003 Le Monde de Nemo
83%
078 2004 Les Indestructibles
83%
121 2018 Les Indestructibles 2
83%
112 2014 Les Nouveaux Héros
83%
088 2007 Le Sortilège de Cendrillon
83%
065 2002 Lilo et Stitch
83%
081 2005 Lilo et Stitch 2 : Hawaï, nous avons un problème
83%
128 2021 Luca
83%
011 1948 Mélodie Cocktail
83%
077 2004 Mulan 2 : La Mission de l'Empereur
83%
066 2002 Peter Pan 2 : Retour au Pays imaginaire
83%
050 1998 Pocahontas 2 : Un monde nouveau
83%
101 2010 Raiponce
83%
122 2018 Ralph 2.0
83%
090 2007 Ratatouille
83%
127 2021 Raya et le Dernier Dragon
83%
025 1973 Robin des Bois
83%
029 1981 Rox et Rouky
83%
126 2020 Soul
83%
053 1999 Toy Story 2
83%
100 2010 Toy Story 3
83%
123 2019 Toy Story 4
83%
136 2024 Vaiana 2
83%
114 2015 Vice-versa
83%
135 2024 Vice-versa 2
83%
095 2008 Volt, star malgré lui
83%
094 2008 WALL-E
83%
147 2029 Winnie
83%
130 2022 Alerte rouge
67%
091 2007 Bienvenue chez les Robinson
67%
110 2014 Clochette et la Fée pirate
67%
096 2009 Clochette et la Pierre de lune
67%
105 2012 Clochette et le Secret des fées
67%
099 2010 Clochette et l'Expédition féerique
67%
012 1948 Danny, le petit mouton noir
67%
055 2000 Dingo et Max 2 : Les Sportifs de l'extrême
67%
133 2023 Elementaire
67%
137 2025 Elio
67%
125 2020 En avant
67%
093 2008 La Fée Clochette
67%
??? ???? La Reine des neiges 4
67%
074 2004 Les Aventures de Petit Gourou
67%
070 2003 Les Aventures de Porcinet
67%
057 2000 Les Aventures de Tigrou
67%
144 2028 Les Indestructibles 3
67%
115 2015 Le Voyage d'Arlo
67%
075 2004 Mickey, Donald, Dingo : Les trois Mousquetaires
67%
027 1977 Peter et Elliott le dragon
67%
108 2013 Planes
67%
111 2014 Planes 2
67%
104 2012 Rebelle
67%
089 2006 Rox et Rouky 2
67%
080 2005 Tarzan 2 : L'enfance d'un héros
67%
085 2006 The Wild
67%
140 2026 Toy Story 5
67%
102 2011 Winnie l'ourson
67%
046 1997 Winnie l'ourson 2 : Le Grand Voyage
67%
134 2023 Wish : Asha et la Bonne Etoile
67%
132 2022 Avalonia : L'Etrange Voyage
50%
131 2022 Buzz l'Eclair
50%
113 2014 Clochette et la Créature légendaire
50%
028 1977 Les Aventures de Winnie l'ourson
50%
148 2029 Vaiana 3
50%
??? ???? Vice-versa 3
50%
079 2005 Winnie l'ourson et l'Efelant
50%
??? ???? Zootopie 3
50%
141 2026 Hexed
33%
139 2026 Jumper
33%
142 2027 Gatto
17%
??? ???? Le Monde de Némo 3
17%
??? ???? Ono Ghost Market
17%
??? ???? Monstres et Cie 3
0%
Aucun quiz correspondant
Distribution des résultats
% des personnes avec chaque résultat
Percentile par nombre de réponses
Votre historique - résultats
Vous n’avez pas pris ce quiz depuis la dernière actualisation